[Event "2BLN 2223 SV Glückauf Rüdersdorf - SV"]
[Site "?"]
[Date "2023.02.05"]
[Round "6.8"]
[White "Szyszylo, Rafal"]
[Black "Bach, Matthias"]
[Result "0-1"]
[WhiteElo "2093"]
[BlackElo "2181"]
[PlyCount "136"]
[EventDate "2023.??.??"]

1. e4 e5 2. Nf3 Nc6 3. Bb5 Nf6 4. d3 Bc5 5. c3 d6 6. O-O Bd7 7. Nbd2 a6 8. Ba4 Ba7 9. Re1 Qe7 10. Nf1 Nd8 11. Bxd7+ Nxd7 12. Bg5 f6 13. Be3 g6 14. Bxa7 Rxa7 15. Ne3 c6 16. d4 Nf7 17. dxe5 fxe5 18. a4 Nc5 19. Nc4 Ra8 20. b4 Ne6 21. Ra2 O-O 22. Rd2 Rad8 23. a5 Nf4 24. g3 Qe6 25. Ne3 Nh3+ 26. Kg2 Nfg5 27. Nxg5 Nxg5 28. Qg4 Qxg4 29. Nxg4 Nf3 30. Red1 Nxd2 31. Rxd2 Kf7 32. f4 Ke6 33. Kf3 h5 34. Ne3 d5 35. exd5+ cxd5 36. Ng2 Rc8 37. Ke2 Rxc3 38. fxe5 Kxe5 39. Nf4 Rxf4 40. gxf4+ Ke4 41. Rb2 Ra3 42. Kf2 Kxf4 43. Rd2 Rb3 44. Rxd5 Rb2+ 45. Kg1 Rxb4 46. Rd7 g5 47. Rf7+ Kg4 48. Kg2 Rb2+ 49. Kg1 Kh3 50. Rf3+ Kh4 51. Rc3 Rb5 52. Rc7 g4 53. Kg2 Rb2+ 54. Kg1 Kg5 55. Rg7+ Kf4 56. Rf7+ Kg5 57. Rg7+ Kf6 58. Rh7 Rb5 59. Kg2 Ke6 60. Kg3 Kd6 61. Kh4 Kc6 62. Rh6+ Kc7 63. Rh7+ Kb8 64. Rh8+ Ka7 65. Rxh5 Rxh5+ 66. Kxh5 b5 67. axb6+ Kxb6 68. Kxg4 a5 0-1

[Event "2BLN 2223 SF Berlin II - HSK Lister Tur"]
[Site "?"]
[Date "2023.02.05"]
[Round "6.1"]
[White "Schneider, Ilja"]
[Black "Jakubowski, Krzysztof"]
[Result "0-1"]
[WhiteElo "2483"]
[BlackElo "2475"]
[PlyCount "82"]
[EventDate "2023.??.??"]

1. e4 c6 2. Nf3 d5 3. Nc3 dxe4 4. Nxe4 Nf6 5. Qe2 Nxe4 6. Qxe4 Nd7 7. Bc4 Nf6 8. Ne5 e6 9. Qe2 b5 10. Bd3 Bb7 11. a4 b4 12. Ba6 Qc8 13. Bxb7 Qxb7 14. b3 Be7 15. Bb2 O-O 16. O-O-O c5 17. f4 Rad8 18. Rhf1 Ne8 19. Ng4 c4 20. Qxc4 Rc8 21. Qd3 Qxg2 22. Rg1 Qc6 23. Ne5 Qc7 24. Nd7 Qxf4 25. Rdf1 Qh6 26. Qf3 Rc7 27. Nxf8 Bxf8 28. Qa8 Re7 29. Bd4 Qxh2 30. Bc5 Qe5 31. d4 Qc7 32. Bxe7 Qxe7 33. d5 e5 34. d6 Nxd6 35. Qd5 g6 36. Kb1 e4 37. Rd1 Qf6 38. Rgf1 Qc3 39. Rd4 e3 40. Re4 h5 41. Re8 e2 0-1

[Event "2BLN 2223 SF Berlin II - HSK Lister Tur"]
[Site "?"]
[Date "2023.02.05"]
[Round "6.2"]
[White "Lauber, Arnd"]
[Black "Abel, Dennes"]
[Result "1/2-1/2"]
[WhiteElo "2405"]
[BlackElo "2393"]
[PlyCount "20"]
[EventDate "2023.??.??"]

1. d4 Nf6 2. c4 g6 3. Nc3 Bg7 4. e4 d6 5. Nf3 O-O 6. Be2 Nbd7 7. O-O e5 8. Re1 Re8 9. Bf1 a6 10. dxe5 dxe5 1/2-1/2

[Event "2BLN 2223 SF Berlin II - HSK Lister Tur"]
[Site "?"]
[Date "2023.02.05"]
[Round "6.3"]
[White "Walter, Stefan"]
[Black "Florstedt, Johannes"]
[Result "0-1"]
[WhiteElo "2382"]
[BlackElo "2375"]
[PlyCount "90"]
[EventDate "2023.??.??"]

1. d4 Nf6 2. Nf3 g6 3. Nbd2 c5 4. dxc5 Qa5 5. a3 Qxc5 6. b4 Qc7 7. Bb2 Bg7 8. e3 O-O 9. c4 d6 10. Be2 b6 11. O-O Bb7 12. Qb3 Nbd7 13. Rfc1 Rac8 14. h3 Qb8 15. Bc3 Qa8 16. Bf1 Rc7 17. Nd4 a6 18. a4 d5 19. a5 dxc4 20. Nxc4 b5 21. Nb6 Qb8 22. Qb2 Ne5 23. Nxb5 Rxc3 24. Qxc3 axb5 25. Qc7 Nd5 26. Nxd5 Bxd5 27. Qxb8 Rxb8 28. Rc5 Bc4 29. Rd1 e6 30. Rc7 Bf8 31. a6 Bxb4 32. a7 Ra8 33. f4 Ba5 34. Rb7 Nc6 35. Bxc4 bxc4 36. Rd6 Rxa7 37. Rxa7 Nxa7 38. Ra6 Bd2 39. Kf2 c3 40. Ke2 Nb5 41. Kd3 Nc7 42. Ra4 Nd5 43. Ra8+ Kg7 44. Rc8 Bxe3 45. g3 Bf2 0-1

[Event "2BLN 2223 SF Berlin II - HSK Lister Tur"]
[Site "?"]
[Date "2023.02.05"]
[Round "6.4"]
[White "Chatzidakis, Mihail"]
[Black "Hoeffer, David"]
[Result "1-0"]
[WhiteElo "2323"]
[BlackElo "2314"]
[PlyCount "93"]
[EventDate "2023.??.??"]

1. e4 c5 2. Nf3 d6 3. Bb5+ Nd7 4. O-O a6 5. Bd3 Ngf6 6. c3 b5 7. Bc2 Bb7 8. d3 Qc7 9. a4 b4 10. a5 bxc3 11. Nxc3 e6 12. d4 cxd4 13. Qxd4 Be7 14. Bg5 Rc8 15. Rfc1 h6 16. Bd2 Qc5 17. Qa4 Bc6 18. Qa2 Qa7 19. Be3 Qa8 20. Nd4 Bb7 21. f3 d5 22. exd5 Nxd5 23. Nxd5 Bxd5 24. Bb3 Bxb3 25. Rxc8+ Qxc8 26. Qxb3 O-O 27. Rc1 Qb8 28. Qc4 Qxb2 29. Nc6 Bf6 30. Qxa6 Ne5 31. Qb6 Qa2 32. Nxe5 Bxe5 33. f4 Rb8 34. Qc6 Qa3 35. Qc5 Qxc5 36. Rxc5 Bd6 37. Rc6 Ba3 38. a6 Ra8 39. a7 Kh7 40. Rc7 Kg6 41. Rb7 Bd6 42. Rd7 Ba3 43. Kf1 Kf5 44. Bb6 f6 45. Ke2 Kxf4 46. Rd8 Bc5 47. Bc7+ 1-0

[Event "2BLN 2223 SF Berlin II - HSK Lister Tur"]
[Site "?"]
[Date "2023.02.05"]
[Round "6.5"]
[White "Hampel, Felix"]
[Black "Poltorak, Sebastian"]
[Result "0-1"]
[WhiteElo "2333"]
[BlackElo "2360"]
[PlyCount "66"]
[EventDate "2023.??.??"]

1. c4 Nf6 2. Nf3 c5 3. Nc3 d5 4. cxd5 Nxd5 5. e3 e6 6. d4 Nc6 7. Bd3 Be7 8. O-O O-O 9. a3 Nxc3 10. bxc3 b6 11. Ra2 Bb7 12. Rd2 Qc7 13. e4 Na5 14. d5 c4 15. Bc2 exd5 16. exd5 Bf6 17. Rd4 Bxd4 18. Qxd4 f6 19. Bf5 Nb3 20. Qh4 g5 21. Be6+ Kh8 22. Qe4 Rae8 23. Nd4 Bc8 24. Be3 Nc5 25. Qg4 Nxe6 26. dxe6 Qe5 27. Nc6 Qxe6 28. Qxe6 Rxe6 29. Nxa7 Bd7 30. Rd1 Ba4 31. Rb1 Ra8 32. Rxb6 Rxb6 33. Bxb6 Rb8 0-1

[Event "2BLN 2223 SF Berlin II - HSK Lister Tur"]
[Site "?"]
[Date "2023.02.05"]
[Round "6.6"]
[White "Polzin, Rainer"]
[Black "Schulze, Torben"]
[Result "1/2-1/2"]
[WhiteElo "2396"]
[BlackElo "2297"]
[PlyCount "95"]
[EventDate "2023.??.??"]

1. e4 c6 2. d3 d5 3. Nd2 g6 4. Ngf3 Bg7 5. g3 e5 6. Bg2 Ne7 7. O-O O-O 8. Qe2 d4 9. c3 c5 10. a4 Nec6 11. Nc4 Qe7 12. cxd4 cxd4 13. b4 Nxb4 14. Ba3 a5 15. Nb6 Ra6 16. Nd5 Qd6 17. Nd2 N8c6 18. Nc4 Qd8 19. Bxb4 Nxb4 20. Rfb1 Be6 21. Nxb4 axb4 22. Rxb4 Bxc4 23. dxc4 Qc7 24. Qb2 Rb8 25. Bf1 Bf8 26. Rb5 Bc5 27. Bd3 b6 28. Qb3 Rba8 29. Bc2 Kg7 30. Qd3 Qd6 31. Kg2 Qe6 32. h3 R6a7 33. Rf1 Rf8 34. a5 Rxa5 35. Rxa5 bxa5 36. f4 f5 37. exf5 Rxf5 38. Re1 Qc6+ 39. Qf3 Qxf3+ 40. Kxf3 Rf7 41. Rxe5 Bb4 42. Rd5 Rc7 43. Rxd4 Bc3 44. Re4 Bb4 45. Ba4 Bf8 46. Ke3 Rb7 47. Bb5 Ra7 48. Ba4 1/2-1/2

[Event "2BLN 2223 SF Berlin II - HSK Lister Tur"]
[Site "?"]
[Date "2023.02.05"]
[Round "6.7"]
[White "Pubantz, Jan"]
[Black "Ahlander, Bjorn"]
[Result "0-1"]
[WhiteElo "2296"]
[BlackElo "2412"]
[PlyCount "106"]
[EventDate "2023.??.??"]

1. d4 e6 2. c4 Nf6 3. g3 Bb4+ 4. Nd2 d5 5. Bg2 O-O 6. Ngf3 b6 7. O-O Bb7 8. cxd5 Bxd5 9. Qc2 Bb7 10. Rd1 a5 11. a3 Be7 12. e4 h6 13. e5 Nd5 14. Ne4 Nd7 15. g4 f6 16. exf6 N5xf6 17. Nfg5 Bd5 18. Nxf6+ Nxf6 19. Ne4 Nxg4 20. f3 Nf6 21. Nc3 Bd6 22. Be3 Qe8 23. Nxd5 Nxd5 24. Bf2 Qh5 25. Bg3 Ne3 26. Qe4 Nxd1 27. Rxd1 Qf5 28. Re1 Qxe4 29. fxe4 Bxg3 30. hxg3 Rad8 31. d5 exd5 32. exd5 Rfe8 33. Rc1 Re7 34. b4 axb4 35. axb4 Rde8 36. Rc6 Rd8 37. Rc3 Rd6 38. Kh2 Rf6 39. Kh3 g6 40. Rd3 Kf7 41. Rc3 Ke8 42. Bf3 Kd7 43. Bg4+ Kd6 44. Rc6+ Ke5 45. Be6 Rf8 46. Rc1 Rd8 47. b5 Ra8 48. Rc4 Ra3 49. Rb4 Rd3 50. Rg4 g5 51. Rc4 h5 52. Kg2 Rb3 53. Rc1 Rxb5 0-1

[Event "2BLN 2223 SF Berlin II - HSK Lister Tur"]
[Site "?"]
[Date "2023.02.05"]
[Round "6.8"]
[White "Lundin, Jan"]
[Black "Lammers, Markus"]
[Result "1-0"]
[WhiteElo "2224"]
[BlackElo "2317"]
[PlyCount "69"]
[EventDate "2023.??.??"]

1. e4 Nc6 2. Nc3 Nf6 3. f4 d5 4. e5 Bg4 5. Be2 Bxe2 6. Qxe2 d4 7. exf6 dxc3 8. bxc3 gxf6 9. Rb1 Qd5 10. Nf3 O-O-O 11. O-O e6 12. c4 Qf5 13. d3 h5 14. Be3 Rg8 15. Rb5 Qg4 16. Rfb1 b6 17. Qf2 Bh6 18. h3 Qxh3 19. Ng5 Bxg5 20. gxh3 Bh4+ 21. Qg2 f5 22. Qxg8 Rxg8+ 23. Kh2 Ne7 24. Rg1 Ng6 25. Rbb1 Kd7 26. a4 Kc6 27. Rg2 Bf6 28. Kg1 Rd8 29. Kf2 Bc3 30. Rg5 Rh8 31. d4 a5 32. d5+ exd5 33. cxd5+ Kxd5 34. Rb5+ Ke4 35. Rgxf5 {ZÜ} 1-0

[Event "2BLN 2223 SK Doppelbauer Turm Kiel II -"]
[Site "?"]
[Date "2023.02.05"]
[Round "6.1"]
[White "Ostrovskiy, Andrey"]
[Black "Parvanyan, Ashot"]
[Result "1/2-1/2"]
[WhiteElo "2416"]
[BlackElo "2432"]
[PlyCount "83"]
[EventDate "2023.??.??"]

1. e4 e5 2. Nf3 Nc6 3. Bb5 a6 4. Ba4 d6 5. c3 g6 6. d4 Bd7 7. O-O Bg7 8. d5 Nce7 9. Bxd7+ Qxd7 10. c4 h6 11. Nc3 f5 12. Ne1 Nf6 13. f3 O-O 14. Nd3 g5 15. Qe2 c5 16. dxc6 Nxc6 17. Be3 b5 18. cxb5 axb5 19. exf5 Nd4 20. Bxd4 exd4 21. Ne4 Nd5 22. Rfc1 Rxf5 23. Qc2 Ne3 24. Qc6 Rd8 25. Qxd7 Rxd7 26. Rc8+ Bf8 27. a4 bxa4 28. Rxa4 Kh7 29. h3 Bg7 30. Ra6 d5 31. Nec5 Re7 32. b4 Nc4 33. Rd6 Ra7 34. Ra6 Rxa6 35. Nxa6 Rf6 36. Nac5 Rb6 37. Rd8 Ne3 38. Rd7 Kg8 39. Rd8+ Kf7 40. Rd7+ Kg8 41. Rd8+ Kf7 42. Rd7+ 1/2-1/2

[Event "2BLN 2223 SK Doppelbauer Turm Kiel II -"]
[Site "?"]
[Date "2023.02.05"]
[Round "6.2"]
[White "Olsen, Filip Boe"]
[Black "Kopylov, Michael"]
[Result "1-0"]
[WhiteElo "2430"]
[BlackElo "2369"]
[PlyCount "81"]
[EventDate "2023.??.??"]

1. d4 c5 2. d5 Nf6 3. c4 b5 4. cxb5 a6 5. e3 axb5 6. Bxb5 Qa5+ 7. Nc3 Bb7 8. Bd2 Qb6 9. a4 Nxd5 10. Nf3 e6 11. O-O Be7 12. e4 Nxc3 13. Bxc3 O-O 14. Ne5 Qd8 15. Nxd7 Nxd7 16. Bxd7 Bxe4 17. Qg4 Bg6 18. Bc6 Ra7 19. Rfd1 Qb6 20. Bb5 Raa8 21. Qe2 Rfb8 22. Rd7 Bf6 23. Bxf6 gxf6 24. h4 h5 25. Rad1 Rd8 26. Qe3 Rxd7 27. Rxd7 Rc8 28. b4 Kg7 29. Rd1 Bc2 30. Rc1 Qd6 31. Qc3 Be4 32. bxc5 Qf4 33. Qe3 Qxe3 34. fxe3 Kf8 35. a5 Rb8 36. Be2 Rb2 37. Bf3 Bxf3 38. gxf3 Ke7 39. c6 Kd8 40. Ra1 Kc7 41. a6 1-0

[Event "2BLN 2223 SK Doppelbauer Turm Kiel II -"]
[Site "?"]
[Date "2023.02.05"]
[Round "6.3"]
[White "Polischuk, Viktor"]
[Black "Fromm, Marius"]
[Result "0-1"]
[WhiteElo "2276"]
[BlackElo "2429"]
[PlyCount "46"]
[EventDate "2023.??.??"]

1. e4 c5 2. Nf3 e6 3. d3 Nc6 4. Be2 Nf6 5. c3 d5 6. e5 Nd7 7. d4 f6 8. exf6 Nxf6 9. O-O cxd4 10. cxd4 Bd6 11. Nc3 O-O 12. Bg5 Bd7 13. Bh4 Be8 14. Ng5 Qe7 15. Bd3 Qd7 16. Re1 Nxd4 17. Nxh7 Nxh7 18. Bxh7+ Kxh7 19. Qxd4 Rf4 20. Qd3+ Bg6 21. Qh3 Bf5 22. Qg3 Rg4 23. Qh3 Rc4 0-1

[Event "2BLN 2223 SK Doppelbauer Turm Kiel II -"]
[Site "?"]
[Date "2023.02.05"]
[Round "6.4"]
[White "Arndt, Magnus"]
[Black "Zierke, Oliver"]
[Result "1-0"]
[WhiteElo "2383"]
[BlackElo "2258"]
[PlyCount "73"]
[EventDate "2023.??.??"]

1. e4 c5 2. Nf3 d6 3. Bb5+ Bd7 4. Bxd7+ Qxd7 5. O-O Nc6 6. c3 Nf6 7. d4 Nxe4 8. d5 Nd8 9. Re1 Nf6 10. Bg5 e6 11. Bxf6 gxf6 12. Nh4 Be7 13. Qh5 exd5 14. Nf5 Nc6 15. Ng7+ Kf8 16. Nf5 h6 17. f4 d4 18. cxd4 cxd4 19. Nd2 d5 20. Nf3 Re8 21. N3h4 Bb4 22. Red1 Re4 23. Qg4 Rg8 24. Qh5 Rh8 25. a3 Bc5 26. b4 Bb6 27. Qg4 Rg8 28. Qh5 Qe6 29. Qxh6+ Ke8 30. Qh7 d3+ 31. Kh1 Rg4 32. h3 Rxh4 33. Ng7+ Kd7 34. Qxh4 Qd6 35. Qg4+ Kc7 36. Rxd3 Rxf4 37. Ne8+ 1-0

[Event "2BLN 2223 SK Doppelbauer Turm Kiel II -"]
[Site "?"]
[Date "2023.02.05"]
[Round "6.6"]
[White "Farokhi, Keyvan"]
[Black "Hovhannisyan, Artur"]
[Result "0-1"]
[WhiteElo "2269"]
[BlackElo "2172"]
[PlyCount "116"]
[EventDate "2023.??.??"]

1. d4 Nf6 2. c4 e6 3. Nf3 c5 4. d5 b5 5. dxe6 fxe6 6. cxb5 d5 7. Bf4 Bb7 8. e3 Nbd7 9. Be2 Be7 10. O-O O-O 11. Ne5 Nxe5 12. Bxe5 Nd7 13. Bg3 Bf6 14. Qc2 e5 15. e4 d4 16. Nd2 Bh4 17. Nc4 Bxg3 18. hxg3 Qc7 19. a4 Nf6 20. Bf3 Rad8 21. Rfd1 g5 22. Nd2 Kh8 23. Rdc1 g4 24. Be2 Qf7 25. Bd3 Nd5 26. Nc4 Nb4 27. Nxe5 Qf6 28. Qxc5 Qxf2+ 29. Kh2 Qd2 30. Qe7 Qh6+ 31. Qh4 Qxh4+ 32. gxh4 Rde8 33. Rc4 Nxd3 34. Nxd3 Rxe4 35. Nc5 g3+ 36. Kxg3 Rg8+ 37. Kf2 Rf4+ 38. Ke2 Rxg2+ 39. Kd3 Rg3+ 40. Kc2 d3+ 41. Kc3 d2+ 42. Nd3 Rxc4+ 43. Kxc4 Bf3 44. Nf2 Rg2 45. Nd1 Rg1 46. Kd3 Rxd1 47. Ra3 Bd5 48. Kc2 Rb1 49. Kxd2 Rxb2+ 50. Kc3 Rh2 51. Kd4 Ra2 52. Rc3 Bf7 53. Ke5 Rxa4 54. Kf6 Rf4+ 55. Kg5 Rc4 56. Ra3 Rc7 57. h5 Kg7 58. h6+ Kf8 0-1

[Event "2BLN 2223 SK Doppelbauer Turm Kiel II -"]
[Site "?"]
[Date "2023.02.05"]
[Round "6.7"]
[White "Parvanyan, Alfred"]
[Black "Boe, Mads"]
[Result "0-1"]
[WhiteElo "2134"]
[BlackElo "2284"]
[PlyCount "120"]
[EventDate "2023.??.??"]

1. Nf3 d5 2. g3 Nf6 3. Bg2 c6 4. O-O Bg4 5. d4 Nbd7 6. Nbd2 e6 7. Re1 Be7 8. e4 dxe4 9. Nxe4 O-O 10. c3 Nxe4 11. Rxe4 Nf6 12. Re1 h6 13. Qb3 Qb6 14. Ne5 Bf5 15. Nc4 Qa6 16. Bf4 Nd5 17. Bd2 Nb6 18. Ne5 Qa4 19. Qxa4 Nxa4 20. g4 Bh7 21. b3 Nb6 22. a4 a5 23. Nc4 Nd5 24. Ra2 Rfd8 25. h3 Bg5 26. Bxg5 hxg5 27. Bxd5 cxd5 28. Ne5 Rac8 29. Re3 Be4 30. Nf3 f6 31. Nd2 Bg6 32. Rb2 Rd6 33. b4 axb4 34. Rxb4 b6 35. Nf1 Rdc6 36. Ng3 Bc2 37. Ne2 Ra8 38. f4 gxf4 39. Nxf4 Kf7 40. Rb2 Be4 41. Rb4 Bc2 42. Rb2 Bxa4 43. Rbe2 Rac8 44. Rxe6 Rxe6 45. Nxe6 g5 46. Ra2 Bd7 47. Nxg5+ fxg5 48. Ra7 Ke7 49. Ra3 Kd6 50. Kg2 Re8 51. Kf2 Bb5 52. Ra7 Re2+ 53. Kf3 Rc2 54. Rg7 Rxc3+ 55. Kg2 Bd3 56. Rxg5 Be4+ 57. Kh2 b5 58. Rg8 b4 59. Rb8 b3 60. h4 Rc4 0-1

[Event "2BLN 2223 SK Doppelbauer Turm Kiel II -"]
[Site "?"]
[Date "2023.02.05"]
[Round "6.8"]
[White "Ermitsch, Magnus"]
[Black "Fernschild, Daniel"]
[Result "1-0"]
[WhiteElo "2258"]
[BlackElo "1977"]
[PlyCount "119"]
[EventDate "2023.??.??"]

1. e4 e6 2. d4 d5 3. Nc3 Nf6 4. e5 Nfd7 5. Nce2 c5 6. c3 Nc6 7. Nf3 Be7 8. a3 a5 9. Nf4 c4 10. h4 h6 11. Nh5 g6 12. Nf4 b5 13. Qc2 Nf8 14. Be2 Bd7 15. g3 Qc7 16. Kf1 a4 17. Kg2 O-O-O 18. Nh3 Kb7 19. Bf4 Bc8 20. Qd2 h5 21. Nfg5 Bxg5 22. Bxg5 Re8 23. Bf6 Rg8 24. Ng5 Kb6 25. Qf4 Nd7 26. f3 Nxf6 27. Qxf6 Ref8 28. g4 Qe7 29. Qxe7 Nxe7 30. Nh7 Rd8 31. Nf6 hxg4 32. Nxg8 gxf3+ 33. Bxf3 Rxg8 34. Kf2 Bd7 35. Rag1 Rf8 36. h5 gxh5 37. Rxh5 Kc7 38. Rh7 Nc6 39. Rgg7 Nd8 40. Rh6 Bc6 41. Rgh7 Kd7 42. Rh8 Rxh8 43. Rxh8 Ke7 44. Ke3 Be8 45. Bh5 Nc6 46. Kf4 Na5 47. Bd1 Nb3 48. Bxb3 axb3 49. Kg5 Bd7 50. Kh6 f5 51. Rh7+ Kd8 52. Kg7 Ke7 53. Kg6+ Ke8 54. Kf6 Kd8 55. Rh8+ Kc7 56. Ke7 Bc8 57. Rf8 Bd7 58. Rf7 Bc8 59. Ke8+ Kc6 60. Kd8 1-0

[Event "2BLN 2223 SK Zehlendorf - FC St. Pauli"]
[Site "?"]
[Date "2023.02.05"]
[Round "6.1"]
[White "Socko, Bartosz"]
[Black "Sawlin, Leonid"]
[Result "1-0"]
[WhiteElo "2624"]
[BlackElo "2409"]
[PlyCount "120"]
[EventDate "2023.??.??"]

1. e4 e6 2. d4 d5 3. e5 c5 4. c3 Nc6 5. Nf3 Bd7 6. Be2 f6 7. O-O Qc7 8. Re1 fxe5 9. Nxe5 Nxe5 10. dxe5 O-O-O 11. Bf1 Nh6 12. a4 Nf7 13. Na3 a6 14. b4 cxb4 15. cxb4 Bxb4 16. Bd2 Bxd2 17. Qxd2 Nxe5 18. Qb2 Nc4 19. Nxc4 dxc4 20. Bxc4 Bc6 21. Rac1 Rhe8 22. Bb5 Qb6 23. Qe2 Rd6 24. Bxc6 Rxc6 25. Qh5 Rf8 26. Rxc6+ bxc6 27. Rf1 Qd4 28. Qe2 e5 29. Qxa6+ Kc7 30. h3 Rb8 31. Rc1 Rb6 32. Qa8 Qd2 33. Qa7+ Rb7 34. Qc5 Qd6 35. Qa5+ Kb8 36. Qa6 Kc7 37. Qa5+ Kb8 38. Qc3 Rb6 39. a5 Rb5 40. Qxc6 Qxc6 41. Rxc6 Rxa5 42. Re6 Rc5 43. Re7 Rc7 44. Rxe5 Kb7 45. Re3 Kc8 46. Rd3 Rf7 47. g3 Kc7 48. Kg2 Kc6 49. f4 Rf8 50. Rd4 Rf7 51. Kf3 g6 52. g4 Rf8 53. Kg3 Rf7 54. Rd8 Kc7 55. Rh8 h5 56. gxh5 gxh5 57. Rxh5 Kd6 58. Re5 Rg7+ 59. Kf3 Rh7 60. Kg4 Rg7+ 1-0

[Event "2BLN 2223 SK Zehlendorf - FC St. Pauli"]
[Site "?"]
[Date "2023.02.05"]
[Round "6.2"]
[White "Lagunow, Raphael"]
[Black "Janik, Igor"]
[Result "1-0"]
[WhiteElo "2401"]
[BlackElo "2535"]
[PlyCount "99"]
[EventDate "2023.??.??"]

1. e4 e5 2. Nf3 Nc6 3. Nc3 Nf6 4. d4 exd4 5. Nxd4 Bb4 6. Nxc6 bxc6 7. Bd3 d5 8. exd5 cxd5 9. O-O O-O 10. Bg5 c6 11. Qf3 Be7 12. h3 Be6 13. b3 h6 14. Bf4 Nd7 15. Ne2 Re8 16. Rad1 Bf6 17. Qg3 Kh8 18. Bd6 Bh4 19. Qh2 Bf6 20. Rfe1 Qa5 21. Nf4 Bc3 22. Re2 Nf6 23. Nxe6 Rxe6 24. Rxe6 fxe6 25. Qg3 Qd8 26. Be5 Bxe5 27. Qxe5 Qd7 28. Re1 Rf8 29. Bg6 Qd8 30. Qxe6 Qa5 31. Re2 Qxa2 32. Qxc6 Qa3 33. Qc7 Qa1+ 34. Kh2 Qd4 35. Qe7 Kg8 36. Qe6+ Kh8 37. Qe5 Qh4 38. Qg3 Qd4 39. Qd6 Kg8 40. Bf5 Ra8 41. c4 Qd1 42. Re7 Qxb3 43. Rxg7+ Kxg7 44. Qe7+ Kg8 45. Be6+ Kh8 46. Qxf6+ Kh7 47. Bf5+ Kg8 48. Qg6+ Kf8 49. Qd6+ Kg7 50. Qe5+ 1-0

[Event "2BLN 2223 SK Zehlendorf - FC St. Pauli"]
[Site "?"]
[Date "2023.02.05"]
[Round "6.3"]
[White "Feuerstack, Aljoscha"]
[Black "Brodowski, Piotr"]
[Result "1/2-1/2"]
[WhiteElo "2462"]
[BlackElo "2455"]
[PlyCount "33"]
[EventDate "2023.??.??"]

1. e4 c5 2. Nf3 d6 3. d4 cxd4 4. Nxd4 Nf6 5. Nc3 Nc6 6. Bg5 e6 7. Bb5 Bd7 8. Qd3 Be7 9. O-O-O Nxd4 10. Qxd4 Bxb5 11. Nxb5 O-O 12. Kb1 Qa5 13. Qd3 a6 14. Bxf6 Bxf6 15. Nxd6 Qb6 16. e5 Bxe5 17. Nc4 1/2-1/2

[Event "2BLN 2223 SK Zehlendorf - FC St. Pauli"]
[Site "?"]
[Date "2023.02.05"]
[Round "6.4"]
[White "Stachowiak, Kamil"]
[Black "Socko, Monika"]
[Result "1-0"]
[WhiteElo "2456"]
[BlackElo "2450"]
[PlyCount "136"]
[EventDate "2023.??.??"]

1. d4 Nf6 2. Nf3 e6 3. c4 b6 4. g3 Bb7 5. Bg2 g6 6. O-O Bg7 7. Nc3 Ne4 8. Nxe4 Bxe4 9. Bg5 Qc8 10. Qd2 h6 11. Be3 d6 12. Rac1 Nd7 13. b4 g5 14. c5 d5 15. Ne5 Bxg2 16. Kxg2 Nxe5 17. dxe5 Qd7 18. Bd4 Qe7 19. f4 gxf4 20. Rxf4 h5 21. Qc2 O-O 22. Rcf1 Qg5 23. Qc3 bxc5 24. bxc5 c6 25. h4 Qg6 26. Kh2 Rab8 27. g4 Rb1 28. R1f3 Rd1 29. Rg3 Kh8 30. Kg2 Rb8 31. gxh5 Qxh5 32. Rfg4 Qf5 33. Qf3 Qxf3+ 34. Rxf3 Rb7 35. Rfg3 Bh6 36. Rg8+ Kh7 37. e3 Rd2+ 38. Kh3 Rb1 39. Rc8 Rh1+ 40. Kg4 Rdh2 41. Rxc6 Rxh4+ 42. Kf3 R4h2 43. Rg2 Rh3+ 44. Ke2 Rc1 45. Kd3 Rd1+ 46. Kc2 Rf1 47. Kd2 Rh4 48. Ke2 Rc1 49. Rc7 Rc2+ 50. Kf3 Rh3+ 51. Rg3 Rhh2 52. Rxf7+ Kh8 53. Rf6 Rhf2+ 54. Kg4 Rxf6 55. exf6 Kh7 56. Kf3 e5 57. Bxe5 Rxc5 58. Rh3 Kg6 59. Rxh6+ Kxh6 60. f7 Rc8 61. Bd6 Kg7 62. f8=Q+ Rxf8+ 63. Bxf8+ Kxf8 64. Kf4 d4 65. exd4 Ke7 66. Ke5 a5 67. a4 Kd8 68. Kd6 Ke8 1-0

[Event "2BLN 2223 SK Zehlendorf - FC St. Pauli"]
[Site "?"]
[Date "2023.02.05"]
[Round "6.5"]
[White "Krause, Benedict"]
[Black "Luch, Michal"]
[Result "1/2-1/2"]
[WhiteElo "2417"]
[BlackElo "2351"]
[PlyCount "43"]
[EventDate "2023.??.??"]

1. e4 e5 2. Nf3 Nc6 3. Bc4 Nf6 4. d3 Bc5 5. O-O d6 6. c3 a5 7. Nbd2 O-O 8. h3 h6 9. Re1 Be6 10. Bb5 Qb8 11. Nf1 Qa7 12. Be3 Bxe3 13. Nxe3 Ne7 14. Ba4 Ng6 15. Bc2 Qb6 16. Qd2 Qxb2 17. Reb1 Qa3 18. d4 exd4 19. cxd4 d5 20. exd5 Nxd5 21. Rb3 Qd6 22. Rxb7 1/2-1/2

[Event "2BLN 2223 SK Zehlendorf - FC St. Pauli"]
[Site "?"]
[Date "2023.02.05"]
[Round "6.6"]
[White "Meister, Jakob"]
[Black "Krause, Jonah"]
[Result "1/2-1/2"]
[WhiteElo "2445"]
[BlackElo "2387"]
[PlyCount "23"]
[EventDate "2023.??.??"]

1. d4 Nf6 2. Bg5 d5 3. e3 c5 4. c3 Nc6 5. Nf3 Ne4 6. Bf4 Qb6 7. Qc1 Bf5 8. Nbd2 e6 9. Nxe4 Bxe4 10. Be2 Be7 11. O-O O-O 12. Ne5 1/2-1/2

[Event "2BLN 2223 SK Zehlendorf - FC St. Pauli"]
[Site "?"]
[Date "2023.02.05"]
[Round "6.7"]
[White "Ertan, Can"]
[Black "Lagunow, Alexander"]
[Result "1/2-1/2"]
[WhiteElo "2357"]
[BlackElo "2346"]
[PlyCount "82"]
[EventDate "2023.??.??"]

1. e4 c5 2. Nf3 d6 3. d4 cxd4 4. Nxd4 Nf6 5. Nc3 a6 6. h3 e5 7. Nde2 h5 8. g3 Be7 9. Bg2 Nbd7 10. a4 b6 11. a5 bxa5 12. Nd5 Nxd5 13. Qxd5 Rb8 14. Qxa5 Qxa5+ 15. Rxa5 Nf6 16. O-O Bd8 17. Ra3 Bb6 18. Rd1 Bb7 19. Rxd6 Bc5 20. Rdxa6 Bxa3 21. Rxa3 O-O 22. Nc3 Ra8 23. Rxa8 Rxa8 24. Be3 Ra1+ 25. Kh2 Ne8 26. b3 Nc7 27. Nd5 Nb5 28. c4 Nd4 29. b4 Rb1 30. b5 f6 31. b6 Kf7 32. g4 hxg4 33. hxg4 Bxd5 34. exd5 Rxb6 35. c5 Rb2 36. Be4 Ke7 37. Kg3 Rb5 38. c6 Ne2+ 39. Kf3 Nd4+ 40. Kg3 Ne2+ 41. Kf3 Nd4+ 1/2-1/2

[Event "2BLN 2223 SK Zehlendorf - FC St. Pauli"]
[Site "?"]
[Date "2023.02.05"]
[Round "6.8"]
[White "Heerde, Thomas"]
[Black "Voigt, Martin"]
[Result "1/2-1/2"]
[WhiteElo "1982"]
[BlackElo "2330"]
[PlyCount "103"]
[EventDate "2023.??.??"]

1. e4 c6 2. Nc3 d5 3. Nf3 dxe4 4. Nxe4 Nf6 5. Qe2 Nxe4 6. Qxe4 Nd7 7. Bc4 Nf6 8. Ne5 e6 9. Qe2 b5 10. Bb3 Qc7 11. O-O Bd6 12. d4 O-O 13. Bf4 c5 14. dxc5 Qxc5 15. Nd3 Qc6 16. Bxd6 Qxd6 17. Qe5 Qxe5 18. Nxe5 Bb7 19. Rfd1 Rfd8 20. f3 Nd5 21. Kf2 Kf8 22. Rd2 Ke7 23. Rad1 f6 24. Ng4 a5 25. c4 bxc4 26. Bxc4 h5 27. Ne3 Nxe3 28. Kxe3 Rxd2 29. Rxd2 g5 30. b3 Rc8 31. Bd3 Bd5 32. Be4 Bxe4 33. Kxe4 h4 34. Rb2 h3 35. gxh3 Rc3 36. Rf2 e5 37. Kf5 Kf7 38. h4 gxh4 39. Kg4 Ke6 40. Kxh4 a4 41. bxa4 Kf5 42. Kg3 Ra3 43. Re2 Kg5 44. h4+ Kh5 45. Re4 Rxa2 46. Kh3 Ra1 47. Kg2 Ra3 48. Kf2 Ra2+ 49. Ke3 Ra3+ 50. Ke2 Ra2+ 51. Ke3 Ra3+ 52. Ke2 1/2-1/2

[Event "2BLN 2223 SK König Tegel - Hamburger S"]
[Site "?"]
[Date "2023.02.05"]
[Round "6.1"]
[White "Souleidis, Georgios"]
[Black "Rabiega, Robert"]
[Result "1/2-1/2"]
[WhiteElo "2421"]
[BlackElo "2477"]
[PlyCount "95"]
[EventDate "2023.??.??"]

1. e4 e5 2. Nf3 Nf6 3. d4 Nxe4 4. Bd3 Nc6 5. Nxe5 d5 6. Nxc6 bxc6 7. O-O Bd6 8. Nd2 O-O 9. Nxe4 dxe4 10. Bxe4 Bxh2+ 11. Kxh2 Qh4+ 12. Kg1 Qxe4 13. Re1 Qg6 14. Bf4 Bf5 15. c3 Be4 16. f3 Bd5 17. b3 Rae8 18. Rxe8 Rxe8 19. c4 Be6 20. Qd2 h5 21. Re1 Re7 22. Kh2 Rd7 23. Re5 Bf5 24. Qe3 f6 25. Re7 Rxe7 26. Qxe7 Bd3 27. Bxc7 Qg5 28. Qe6+ Kh7 29. Qe1 a6 30. Qf2 Kg8 31. Bd6 Kf7 32. Qe1 Kg8 33. Qe8+ Kh7 34. Qe1 Kg8 35. Bb8 Kf7 36. Bg3 Qf5 37. Qd2 g5 38. Kg1 h4 39. Bd6 h3 40. Qe3 Qe6 41. Qxd3 Qxd6 42. Qh7+ Kf8 43. Qxh3 Qxd4+ 44. Kh2 Ke7 45. Qc8 Qf4+ 46. Kh1 Qc1+ 47. Kh2 Qf4+ 48. Kh1 1/2-1/2

[Event "2BLN 2223 SK König Tegel - Hamburger S"]
[Site "?"]
[Date "2023.02.05"]
[Round "6.2"]
[White "Bruedigam, Martin"]
[Black "Peyrer, Konstantin"]
[Result "1/2-1/2"]
[WhiteElo "2384"]
[BlackElo "2379"]
[PlyCount "37"]
[EventDate "2023.??.??"]

1. e4 e6 2. d4 d5 3. Nc3 Nf6 4. e5 Nfd7 5. f4 c5 6. Nf3 Nc6 7. Be3 a6 8. Qd2 b5 9. dxc5 Bxc5 10. Bxc5 Nxc5 11. Nd4 Bd7 12. Qe3 Qe7 13. O-O-O Nxd4 14. Rxd4 b4 15. Ne2 O-O 16. Ng3 a5 17. Nh5 Ne4 18. Bd3 Qh4 19. Bxe4 1/2-1/2